=LDR 00000nam 2200000 4500 =001 NUTBA000000000006156 =005 20141124102153.0 =006 =007 =008 =020 ##$$a 978-602-98043-6-2 =035 ##$$0010-111400000000635 =040 ##$$a NBPDMAT =082 ##$$a 618.2 =090 ##$$a 618.2 $b Ira k =100 ##$$a Ira Puspita Tri Onggo =245 ##$$a Kitab kehamilan dan persalinan : $b Panduan super pintar untuk kehamilan dan kelahiran yang menakjubkan / $c Ira Puspita Tri Onggo =260 ##$$a Yogyakarta : $b Mitra Buku, $c 2012 =300 ##$$a 457 hlm. : $b ilus. ; $c 2012 =650 ##$$a Hamil =990 ##$$a 0001/BPAP-NTB/20142014 =990 ##$$a 0001/BPAP-NTB/20142014 =990 ##$$a 0001/BPAP-NTB/20142014 =990 ##$$a 0001/BPAP-NTB/20142015 =990 ##$$a 0001/BPAP-NTB/20142015 =990 ##$$a 0001/BPAP-NTB/20142015 =990 ##$$a 0054/BPAP-NTB/2015